Globus 1 : matemàtica 1er. d'EGB
Saved in:
| Other Authors: | |
|---|---|
| Format: | Book |
| Language: | Catalan |
| Published: |
Barcelona :
Andros,
1988
|
| Edition: | 2a ed. |
| Textbook Catalogue: | MANES: Library Catalog Search Result |
| Textbook Classification: |
|
| Tags: |
Add Tag
No Tags, Be the first to tag this record!
|
| Added to: | 2005-06-28 |
| Changed in: | 2025-05-07 |
MARC
| LEADER | 00000nam a2200000 a 4500 | ||
|---|---|---|---|
| 001 | .b3351984 | ||
| 003 | ES-BaCBU | ||
| 005 | 20250507130142.0 | ||
| 008 | 050629s1988 spcA || 001 ||cat|c | ||
| 017 | |a DL B. 28980-1988 (m) | ||
| 020 | |a 8476610386 | ||
| 035 | |a 8476610386 |9 ES-BaUB001 |a 0885-30560 |9 ES-BaUB035 | ||
| 040 | |a ES-BaUB |b cat |c ES-BaUB | ||
| 245 | 0 | 0 | |a Globus 1 : |b matemàtica 1er. d'EGB / |c María Badia Capdevila ... [et al.] |
| 250 | |a 2a ed. | ||
| 260 | |a Barcelona : |b Andros, |c 1988 | ||
| 300 | |a 185 p.: |b il. col. | ||
| 504 | |a índex | ||
| 546 | |a España | ||
| 561 | |5 es-CRAI |3 p1 TX EGB 9/1 AND |a España. Biblioteca Universitat de Barcelona |k MANES | ||
| 690 | 0 | |a MATE | |
| 691 | 0 | |a PRI | |
| 700 | 1 | |a Badia Capdevila, Maria |9 33515 | |
| 856 | |y Registro en Cercabib - CRAI | ||
| 942 | |2 ddc |c BK | ||
| 999 | |c 90049 |d 90049 | ||
| 999 | |c manes:90049 |d 90049 | ||